| 000 | 00466nam a22001457a 4500 | ||
|---|---|---|---|
| 005 | 20250131133140.0 | ||
| 008 | 250131b |||||||| |||| 00| 0 eng d | ||
| 020 | _a9780273625872 | ||
| 050 |
_aHG 4515 _b.2 STE |
||
| 100 | _aSTEINER, ROBERT | ||
| 245 |
_aMASTERING FINANCIAL CALCULATIONS _bA step by step guide to the mathematics of financial markets instruments _cROBERT STIENER |
||
| 260 |
_aLONDON _bPRENTICE HALL _cc1998 |
||
| 300 | _axv,396p,; | ||
| 942 |
_2lcc _cBK _n0 |
||
| 999 |
_c3293 _d3293 |
||